000 00626nam a2200241Ia 4500
003 OSt
005 20220916111042.0
006 a|||||r|||| 00| 0
007 ta
008 220915b |||||||| |||| 00| 0 eng d
024 _a244423
037 _cTextbook
040 _beng
_aARTS
_cARTS
041 _aeng
082 _aP111,3, L6
100 _aBloom Lois
245 0 _aOne word at a time : the single word utterances before syntax
260 _aThe
_bHague Mouton Holland
300 _a263p
_ccm.
650 _aLINGUISTICS
942 _hP111,3, L6
_cTB
_2CC
999 _c104615
_d104615